LEADER 00608nam a2200169 i 4500 001 000000187222 003 CaOOAMICUS 005 20100312000000.0 008 100312s1935 it u000 u fre u 013 $a165287 040 $aSeMil$bita 245 10$aTome second. 300 $a830 p. 773 0 $aHoutryve, Idesbaldo : van $tVie dans la paix.$bsixième édition complètement refondue.$dLouvain : Abbaye du Mont César, 1934-1935.$w()23113 850 $aSeMil 852 $aSeMil$W1$xVenegono$y1$m3F II 247$j137909$B137909$CSeMilBibl$Z2$F149384 $81 996 $6245$aTome second$9(OLS)http://semarc/title/137745 LEADER 01294nam a2200229 i 4500 001 000000017194 003 CaOOAMICUS 005 20221013091115.0 008 180830s1760 it u000 u ita u 040 $aSeMil$bita 100 1 $aGiannone, Pietro,$d<1676-1748>.$0(OLS)http://semarc/name/778 245 10$aOpere postume di Pietro Giannone, in difesa della sua storia civile del Regno di Napoli: con la di lui professione di fede .. 260 $aPalmyra :$bAll'Insegna della Verità,$c1760. 300 $a2 v. ;$c4°. 500 $aFront. stampati in rosso e nero 500 $aCors. ; rom. 500 $aNon posseduto il vol. 2 500 $aLuogo di pubblicazione presunto: Lucca, cfr. M. Parenti, Dizionario dei luoghi di stampa falsi, inventati o supposti, p. 159 774 0 $aGiannone, Pietro <1676-1748>$tOpere postume di Pietro Giannone, in difesa della sua storia civile del Regno di Napoli: con la di lui professione di fede ... [Tomo 1].$dPalmyra : All'Insegna della Verità, 1760.$g[1$w()253921 996 $6245$aOpere postume di Pietro Giannone, in difesa della sua storia civile del Regno di Napoli: con la di lui professione di fede ..$9(OLS)http://semarc/title/401665 996 $6260$aPalmyra :$bAll'Insegna della Verità$9(OLS)http://semarc/publisher/56063